000 00896nam2a2200265 4500
001 RU\NLR\bibl\1254762
005 20250615125155.0
010 _a978-5-9533-2815-9
_913000
021 _aRU
_b2008-41547
_92297
021 _aRU
_b2008-73814
_94243
035 _a(NLR Aleph) 001240807
090 _a257610
_c257610
100 _a20080722d2008 |||y0rusy50 ca
101 0 _arus
102 _aRU
105 _ay |||||||||
200 0 _aТ. 1
210 _d2008
_aБ. м.
215 _a383 с.
461 0 _1001RU\NLR\bibl\1287838
_12001#$aЧесть имею$vТ. 1
_9454221
_aПикуль, В. С. (1928-1990)
_cМосква
_d2008
_fВ. С. Пикуль
_nВече
_oисповедь офицера Российского Генштаба : роман
_tЧесть имею
_vТ. 1
801 0 _aRU
_bNLR
_c20080722
_gRCR
801 1 _aRU
_bNLR
_c20080722
942 _cBOOK
980 _aNB